000 00894nam a22002777a 4500
999 _c597
_d597
001 003528
003 CoMeUDC003528
005 20190109205751.0
008 930210s1990 cl b 000 0 spa
010 _a 93114247
020 _z9561008806
040 _aDLC
_cCoMeUDC
043 _as-cl---
050 0 0 _aKHF1119.I53
_bO78 1990
082 0 0 _a346.02
_220
_bO78
100 2 _aOrtúzar Solar, Antonio.
245 1 3 _aEl contrato de leasing /
_cAntonio Ortúzar Solar.
250 _a1. ed.
260 _aSantiago de Chile :
_bEditorial Jurídica de Chile,
_c1990.
300 _a214 p. ;
_c23 cm.
504 _aIncludes bibliographical references (p. [207]-208).
650 0 _aArrendamientos de equipos industriales.
_zChile.
_9932
906 _a7
_bcbc
_corignew
_d2
_encip
_f19
_gy-gencatlg
942 _2ddc
_cBK